Statistiques concernant 5 pays les plus peuplés par continent

Cliquez ici pour prendre le quiz!

Statistiques générales

  • Ce quiz a été pris 20 864 fois
    (7 891 depuis la dernière actualisation)
  • Le résultat moyen est 23 sur 30

Statistiques - réponses

ContinentPopulationPays% Correct
Europe65,3 MFrance
99%
Asie1 450 MChine
99%
Amérique du nord332 MEtats-Unis
97%
Océanie25,7 MAustralie
97%
Europe112 MRussie
96%
Europe83,8 MAllemagne
96%
Amérique du nord37,7 MCanada
95%
Amérique du sud213 MBrésil
95%
Asie1 388 MInde
95%
Amérique du nord130 MMexique
94%
Amérique du sud45,4 MArgentine
91%
Europe67,9 MRoyaume-Uni
90%
Europe60,5 MItalie
89%
Océanie4,85 MNouvelle-Zélande
89%
Amérique du sud50,9 MColombie
80%
Amérique du sud33,0 MPérou
77%
Asie275 MIndonésie
76%
Afrique91,2 MRép. dém. du Congo
76%
Afrique103 MÉgypte
76%
Afrique209 MNigeria
71%
Amérique du sud28,4 MVenezuela
69%
Asie223 MPakistan
59%
Océanie9,05 MPapouasie-Nouvelle-Guinée
56%
Océanie0,896 MFidji
52%
Asie166 MBangladesh
51%
Afrique117 MÉthiopie
50%
Amérique du nord17,9 MGuatemala
47%
Amérique du nord11,5 MHaiti
35%
Océanie0,687 MSalomon
31%
Afrique60,8 MTanzanie
31%

Distribution des résultats

Percentile par nombre de réponses

% des personnes avec chaque résultat

Votre développement - résultats

Vous n’avez pas pris ce quiz depuis la dernière actualisation